[Event "Titled Tue 3rd Jan Late"]
[Site "chess.com INT"]
[Date "2025.06.03"]
[Round "6"]
[White "Bok, Benjamin"]
[Black "Zhigalko, Sergei"]
[Result "1-0"]
[WhiteTitle "GM"]
[BlackTitle "GM"]
[WhiteElo "2591"]
[BlackElo "2572"]
[WhiteFideId "1017063"]
[BlackFideId "13502956"]
[EventDate "2025.06.03"]

1. d4 Nf6 2. c4 e6 3. Nc3 Bb4 4. Qc2 O-O 5. a3 Bxc3+ 6. Qxc3 d6 7. Nf3 b6 8. e3
Bb7 9. Be2 Nbd7 10. O-O Ne4 11. Qc2 f5 12. Ne1 Qh4 13. f3 Ng5 14. b4 Rae8 15. c5
bxc5 16. bxc5 dxc5 17. Rb1 Bc6 18. Nd3 Rf6 19. g3 Qh5 20. Nf4 Nh3+ 21. Nxh3 Qxh3
22. Rf2 Bd5 23. dxc5 c6 24. Rb7 Ne5 25. Bb2 Rf7 26. Rxf7 Nxf7 27. e4 fxe4 28.
fxe4 Ng5 29. exd5 exd5 30. Bf1 Qd7 31. Qf5 Qe7 32. Bd3 Rb8 33. Be5 Re8 34. Bd6
Qe1+ 35. Kg2 h6 36. Qf8+ Rxf8 37. Rxf8# 1-0

[Event "Titled Tue 3rd Jan Late"]
[Site "chess.com INT"]
[Date "2025.06.03"]
[Round "6"]
[White "Ibarra Jerez, Jose Carlos"]
[Black "Kleimenov, Nikolay"]
[Result "1/2-1/2"]
[WhiteTitle "GM"]
[BlackTitle "CM"]
[WhiteElo "2545"]
[BlackElo "2198"]
[WhiteFideId "2226332"]
[BlackFideId "34414223"]
[EventDate "2025.06.03"]

1. e4 c5 2. Nf3 d6 3. d4 cxd4 4. Nxd4 Nf6 5. Nc3 g6 6. Be3 Bg7 7. f3 O-O 8. Qd2
Nc6 9. O-O-O d5 10. Kb1 Nxd4 11. e5 Nf5 12. exf6 exf6 13. Nxd5 Nxe3 14. Qxe3 Be6
15. Bc4 f5 16. c3 Re8 17. Qf2 Bxd5 18. Bxd5 Qc7 19. h4 a5 20. a4 Rad8 21. h5 Qf4
22. hxg6 hxg6 23. Rh4 Qe5 24. Rhd4 Kf8 25. Bxb7 Rxd4 26. Qxd4 Qxd4 27. cxd4 Rb8
28. Bc6 Rb4 29. d5 Rxb2+ 30. Kc1 Ra2 31. Rd3 Bb2+ 32. Kc2 Be5+ 33. Kb3 Rb2+ 34.
Ka3 Rb6 35. Bb5 Ke7 36. Kb3 Kd6 37. Kc4 Rb8 38. Rd1 Rc8+ 39. Bc6 Rb8 40. Rh1
Rb4+ 41. Kd3 Rb3+ 42. Kc4 Rb4+ 43. Kd3 Rb3+ 44. Kc4 Rb4+ 1/2-1/2

[Event "Titled Tue 3rd Jan Late"]
[Site "chess.com INT"]
[Date "2025.06.03"]
[Round "6"]
[White "Carlsson, Ludvig"]
[Black "Dovgaliuk, Oleksandr"]
[Result "0-1"]
[WhiteTitle "IM"]
[WhiteElo "2374"]
[BlackElo "2240"]
[WhiteFideId "1727010"]
[BlackFideId "14167247"]
[EventDate "2025.06.03"]

1. e4 c5 2. Nf3 d6 3. d4 cxd4 4. Nxd4 Nf6 5. Nc3 a6 6. f4 g6 7. e5 dxe5 8. fxe5
Ng4 9. e6 f5 10. h3 Ne5 11. Be3 Nbc6 12. Qd2 Bg7 13. O-O-O O-O 14. h4 Nxd4 15.
Bxd4 Bxe6 16. h5 Nc6 17. Bxg7 Qxd2+ 18. Rxd2 Kxg7 19. h6+ Kf6 20. g4 Rad8 21.
Rf2 Rd4 22. Be2 Rfd8 23. Rg1 Ne5 24. g5+ Kf7 25. Re1 Bc4 26. Bxc4+ Nxc4 27. Rfe2
R8d7 28. b3 Nb6 29. Rg1 Nd5 30. Nxd5 R7xd5 31. Rge1 Rd7 32. Rg1 b5 33. a3 R4d5
34. Rge1 f4 35. Re4 Rf5 36. Kb2 f3 37. Rf1 Rd2 38. Re3 f2 39. Rg3 Re2 40. Rg2 e5
41. Kc3 e4 42. b4 e3 43. Kd4 Re1 0-1

[Event "Titled Tue 3rd Jan Late"]
[Site "chess.com INT"]
[Date "2025.06.03"]
[Round "6"]
[White "Radchenko, Alexey"]
[Black "Rosen, Eric"]
[Result "0-1"]
[WhiteTitle "FM"]
[BlackTitle "IM"]
[WhiteElo "2293"]
[BlackElo "2377"]
[WhiteFideId "4192362"]
[BlackFideId "2032562"]
[EventDate "2025.06.03"]

1. d4 d5 2. c4 e6 3. Nf3 Nf6 4. e3 Nbd7 5. Nc3 a6 6. cxd5 exd5 7. Be2 Bd6 8. O-O
O-O 9. a3 b6 10. b4 Re8 11. Bb2 Bb7 12. Rc1 Qe7 13. Qb3 Qe6 14. Bd3 Qg4 15. h3
Qh5 16. Ne2 Ne4 17. Nf4 Qf5 18. Nh4 Qf6 19. g3 g5 20. Nxd5 Qe6 21. Bc4 Nd2 22.
Nxc7 Qxh3 23. Bxf7+ Kf8 24. Bd5 Nxb3 25. Bxb7 Nxc1 26. Rxc1 gxh4 27. Bg2 Qg4 28.
Nxa8 hxg3 29. Bc6 Qh3 30. Bg2 Qh2+ 31. Kf1 Rxa8 0-1

[Event "Titled Tue 3rd Jan Late"]
[Site "chess.com INT"]
[Date "2025.06.03"]
[Round "6"]
[White "Avila, Lucas"]
[Black "Baltabaev, Temirlan"]
[Result "0-1"]
[BlackTitle "FM"]
[WhiteElo "2182"]
[BlackElo "2295"]
[WhiteFideId "107751"]
[BlackFideId "4112172"]
[EventDate "2025.06.03"]

1. e4 e5 2. Nf3 Nc6 3. Bb5 a6 4. Ba4 Nf6 5. O-O b5 6. Bb3 Bc5 7. d3 d6 8. Bg5 h6
9. Bh4 g5 10. Bg3 Bg4 11. h3 Bh5 12. c3 Qe7 13. a4 O-O 14. Nbd2 Bg6 15. Kh1 Nh5
16. axb5 axb5 17. Rxa8 Rxa8 18. Bd5 Ra6 19. b4 Ba7 20. Nh2 Nf4 21. Bxf4 exf4 22.
d4 Nd8 23. Re1 c6 24. Bb3 Kg7 25. Qc1 c5 26. dxc5 dxc5 27. Qb2 c4 28. Bc2 Bxf2
29. Ra1 Rxa1+ 30. Qxa1 Qa7 31. Qd1 Nc6 32. Ng4 Be3 33. Nf3 Qa3 34. h4 Qxc3 35.
hxg5 hxg5 36. Nxg5 Qd2 37. Qa1+ Bd4 38. Qa6 Nxb4 39. Qxb5 Qe1+ 40. Kh2 Qg3+ 41.
Kh1 Qxg4 42. Qxb4 Qxg5 43. Qxc4 Qh4# 0-1

[Event "Titled Tue 3rd Jan Late"]
[Site "chess.com INT"]
[Date "2025.06.03"]
[Round "6"]
[White "Ivanov, Andrey A."]
[Black "Alves Campelo, Danilo Cesar De L"]
[Result "1-0"]
[WhiteTitle "CM"]
[WhiteElo "2103"]
[BlackElo "2028"]
[WhiteFideId "2514311"]
[BlackFideId "2123657"]
[EventDate "2025.06.03"]

1. Nf3 Nf6 2. d4 g6 3. c4 Bg7 4. Nc3 O-O 5. e4 d6 6. Be2 e5 7. Be3 exd4 8. Nxd4
Re8 9. f3 Nbd7 10. O-O Ne5 11. Qd2 h5 12. Nb3 Kh7 13. Rad1 b6 14. f4 Neg4 15.
Bd4 Nxe4 16. Nxe4 Rxe4 17. Bxg7 Kxg7 18. Bf3 Bf5 19. Bxe4 Bxe4 20. Qd4+ Nf6 21.
Rde1 Bb7 22. f5 c5 23. Qc3 d5 24. fxg6 d4 25. Qg3 fxg6 26. Qg5 Ne4 27. Qe5+ Nf6
28. Rxf6 Qxf6 29. Qc7+ Kh6 30. Qxb7 Rf8 31. Qf3 Qxf3 32. gxf3 Rxf3 33. Kg2 Rf7
34. Nd2 Kg5 35. Ne4+ Kh6 36. Nd6 Rd7 37. Nb5 g5 38. Kf3 g4+ 39. Kg3 Kg5 40. Re5+
Kg6 41. Kh4 d3 42. Nc3 d2 43. Nd1 Rd3 44. Re6+ Kf5 45. Re3 Rxe3 46. Nxe3+ Ke4
47. Nd1 Kd3 48. Kxh5 Kc2 49. Nf2 Kxb2 50. Kxg4 Kc1 51. h4 d1=Q+ 52. Nxd1 Kxd1
53. h5 1-0

[Event "Titled Tue 3rd Jan Late"]
[Site "chess.com INT"]
[Date "2025.06.03"]
[Round "6"]
[White "Galchenko, Matvey"]
[Black "Yurtseven, Melih"]
[Result "1-0"]
[WhiteTitle "IM"]
[BlackTitle "IM"]
[WhiteElo "2442"]
[BlackElo "2339"]
[WhiteFideId "24175480"]
[BlackFideId "6312160"]
[EventDate "2025.06.03"]

1. e4 e5 2. Nf3 Nc6 3. d4 exd4 4. c3 Nf6 5. e5 Ne4 6. Qe2 Nc5 7. cxd4 Ne6 8. d5
Bb4+ 9. Nc3 Ned4 10. Qe4 Nxf3+ 11. gxf3 Bxc3+ 12. bxc3 Ne7 13. d6 Ng6 14. Ba3 c6
15. f4 Qh4 16. Rg1 Qxf4 17. Qxf4 Nxf4 18. Kd2 Ng6 19. Re1 O-O 20. Bc4 b5 21. Bb3
a5 22. Bc5 b4 23. cxb4 axb4 24. Bxb4 Ba6 25. Rg4 Rab8 26. Bc3 Kh8 27. h4 f5 28.
exf6 gxf6 29. h5 Ne5 30. Rxe5 fxe5 31. Bxe5+ 1-0

[Event "Titled Tue 3rd Jan Late"]
[Site "chess.com INT"]
[Date "2025.06.03"]
[Round "6"]
[White "Winkels, Marcel"]
[Black "Dambaev, Dashi"]
[Result "0-1"]
[WhiteTitle "CM"]
[BlackTitle "CM"]
[WhiteElo "1918"]
[BlackElo "2211"]
[WhiteFideId "1003887"]
[BlackFideId "55628494"]
[EventDate "2025.06.03"]

1. e4 c5 2. Nf3 d6 3. d4 cxd4 4. Nxd4 Nf6 5. Nc3 g6 6. Be3 Bg7 7. f3 O-O 8. Qd2
Nc6 9. Bc4 Bd7 10. O-O-O Rc8 11. Bb3 Nxd4 12. Bxd4 b5 13. Nd5 Nxd5 14. Bxg7 Kxg7
15. Bxd5 Rc5 16. Kb1 Qc7 17. c3 a5 18. Rhe1 Rb8 19. e5 dxe5 20. f4 Bf5+ 21. Ka1
e6 22. Bf3 exf4 23. Be4 Bxe4 24. Rxe4 Rd5 25. Rd4 Rbd8 26. Qf2 Qe5 27. Rxd5 Rxd5
28. Re1 Qd6 29. a3 e5 30. g3 Rd1+ 31. Rxd1 Qxd1+ 32. Ka2 Qd5+ 33. Ka1 f3 34. g4
e4 35. h4 Qe5 36. Qe3 Qg3 37. Qxe4 f2 38. Qd4+ f6 39. Qd7+ Kh6 40. Qd2+ g5 41.
hxg5+ fxg5 42. Qd3 Qxd3 0-1

[Event "Titled Tue 3rd Jan Late"]
[Site "chess.com INT"]
[Date "2025.06.03"]
[Round "6"]
[White "Makaraci, Tunahan"]
[Black "Vlassov, Nikolai"]
[Result "0-1"]
[WhiteTitle "FM"]
[BlackTitle "IM"]
[WhiteElo "2233"]
[BlackElo "2291"]
[WhiteFideId "6356559"]
[BlackFideId "4103360"]
[EventDate "2025.06.03"]

1. e4 Nc6 2. Nc3 Nf6 3. g3 d5 4. Bg2 d4 5. Nce2 d3 6. cxd3 e5 7. d4 exd4 8. d3
Bb4+ 9. Bd2 a5 10. h3 O-O 11. f4 Nd7 12. Nf3 Nc5 13. Nc1 f5 14. e5 Be6 15. O-O
Bd5 16. a3 Bxd2 17. Qxd2 a4 18. Qc2 Ne6 19. Ne2 Na5 20. Rae1 Nb3 21. Kh2 c5 22.
Nd2 b5 23. Nxb3 axb3 24. Qd2 Bxg2 25. Kxg2 Qd5+ 26. Kh2 c4 27. Rc1 Rfd8 28. Rfd1
Rac8 29. Qb4 Qf3 30. Rd2 Qf2+ 31. Kh1 cxd3 32. Rxc8 Rxc8 33. Ng1 Qxg3 34. Qe7
Nxf4 35. e6 Qg6 36. Qd7 Qxe6 37. Qxd4 Qe4+ 38. Qxe4 fxe4 0-1

[Event "Titled Tue 3rd Jan Late"]
[Site "chess.com INT"]
[Date "2025.06.03"]
[Round "6"]
[White "Zilberstein, Dmitry"]
[Black "Blackburn, Jonathan L B"]
[Result "1-0"]
[WhiteTitle "IM"]
[BlackTitle "FM"]
[WhiteElo "2358"]
[BlackElo "2200"]
[WhiteFideId "2010739"]
[BlackFideId "1801090"]
[EventDate "2025.06.03"]

1. e4 e6 2. Qe2 Nc6 3. Nf3 e5 4. g3 Nf6 5. c3 d5 6. exd5 Qxd5 7. Bg2 e4 8. d4
Bg4 9. h3 Bxf3 10. Bxf3 O-O-O 11. Bg2 h5 12. Be3 Na5 13. Nd2 Re8 14. b4 Nc6 15.
Nb3 g5 16. b5 Nd8 17. c4 Bb4+ 18. Kd1 Qd7 19. Kc2 g4 20. h4 Qf5 21. Rhd1 c6 22.
Kb2 cxb5 23. Rac1 Kb8 24. c5 Ka8 25. a3 Nd5 26. axb4 Nxb4 27. Qxb5 Ndc6 28. d5
a6 29. Qc4 Nd3+ 30. Rxd3 exd3 31. dxc6 Qe5+ 32. Ka3 Re6 33. cxb7+ Kb8 34. Bf4 1-0

[Event "Titled Tue 3rd Jan Late"]
[Site "chess.com INT"]
[Date "2025.06.03"]
[Round "6"]
[White "Ozates, Tuna"]
[Black "Rustemov, Alexander"]
[Result "0-1"]
[WhiteTitle "FM"]
[BlackTitle "GM"]
[WhiteElo "2217"]
[BlackElo "2525"]
[WhiteFideId "6354521"]
[BlackFideId "4119002"]
[EventDate "2025.06.03"]

1. e4 e6 2. d4 d5 3. Bd3 dxe4 4. Bxe4 Nf6 5. Bf3 Be7 6. Ne2 O-O 7. O-O Nbd7 8.
Bf4 Bd6 9. Bxd6 cxd6 10. c4 Rb8 11. Nbc3 a6 12. Re1 b6 13. b3 Qc7 14. Rc1 Bb7
15. Ng3 g6 16. Nge4 Nxe4 17. Nxe4 Rfc8 18. Ng3 b5 19. Bxb7 Qxb7 20. d5 exd5 21.
Qxd5 Qxd5 22. cxd5 Nf6 23. Rc6 Rxc6 24. dxc6 Rc8 25. Rc1 Kf8 26. f3 d5 27. Ne2
Ke7 28. Nd4 Kd6 29. a4 bxa4 30. bxa4 Kc7 31. Kf2 Rb8 32. Re1 Kd6 33. Rc1 Ne8 34.
Ke3 Nc7 35. Kd3 Ne6 36. Nxe6 fxe6 37. c7 Rc8 38. Rb1 Rxc7 39. Rb6+ Rc6 40. Rb7
h5 41. Rg7 Rc4 42. Rxg6 Rxa4 43. g4 hxg4 44. fxg4 Ra3+ 45. Kd4 Rh3 46. g5 a5 47.
Rh6 Rf3 48. h4 a4 49. Rf6 Rh3 50. g6 Rxh4+ 51. Kc3 Rg4 0-1

[Event "Titled Tue 3rd Jan Late"]
[Site "chess.com INT"]
[Date "2025.06.03"]
[Round "6"]
[White "Vazelakis, Dimitrios"]
[Black "Shi, Roger V"]
[Result "1/2-1/2"]
[WhiteElo "1857"]
[BlackElo "2137"]
[WhiteFideId "4203674"]
[BlackFideId "30980119"]
[EventDate "2025.06.03"]

1. d4 d5 2. Nc3 c5 3. e4 dxe4 4. d5 Nf6 5. Bf4 Bd7 6. Bc4 a6 7. a4 g6 8. Qd2 Bg7
9. Nge2 O-O 10. Ng3 Re8 11. O-O e6 12. dxe6 Bxe6 13. Qxd8 Rxd8 14. Bxe6 fxe6 15.
Ngxe4 Nbd7 16. Ng5 e5 17. Bg3 Re8 18. Rad1 Rad8 19. h3 h6 20. Nge4 b6 21. Rd6
Nxe4 22. Nxe4 Kh7 23. Rfd1 Re7 24. a5 Kg8 25. axb6 Kf7 26. Nxc5 Ke8 27. b7 Bf8
28. Rxd7 Rexd7 29. Rxd7 Rb8 30. Bxe5 Bxc5 31. Bxb8 Kxd7 32. Bg3 Ba7 33. b8=Q
Bxb8 34. Bxb8 h5 35. c4 Kc6 36. b4 Kb7 37. Be5 Kc6 38. Kf1 Kd7 39. Ke2 Ke6 40.
f4 Kf5 41. Kf3 g5 42. g4+ hxg4+ 43. hxg4+ Kg6 44. f5+ Kf7 45. Ke4 Ke8 46. Kd5
Kd7 47. c5 Kc8 48. f6 Kb7 49. f7 a5 50. bxa5 Ka6 51. f8=Q Kb7 52. c6+ Ka6 53.
Qa8+ Kb5 54. c7 Ka4 55. c8=Q Ka3 56. Qc3+ Ka4 57. Qc4+ Ka3 58. Qb8 1/2-1/2

[Event "Titled Tue 3rd Jan Late"]
[Site "chess.com INT"]
[Date "2025.06.03"]
[Round "6"]
[White "Bullen, Alex"]
[Black "Silva, Luca"]
[Result "0-1"]
[WhiteTitle "CM"]
[BlackTitle "FM"]
[WhiteElo "2160"]
[BlackElo "2227"]
[WhiteFideId "1801627"]
[BlackFideId "147370"]
[EventDate "2025.06.03"]

1. c3 Nf6 2. d4 e6 3. Nf3 b6 4. Bg5 Bb7 5. e3 h6 6. Bh4 g5 7. Bg3 Ne4 8. Nbd2 d6
9. Nxe4 Bxe4 10. Bd3 Bxd3 11. Qxd3 Nd7 12. e4 Bg7 13. h3 Qe7 14. Nd2 e5 15. dxe5
Bxe5 16. Bxe5 Nxe5 17. Qb5+ c6 18. Qe2 O-O-O 19. O-O-O Qe6 20. Nb3 Kb7 21. Kb1
Rhe8 22. f3 Qc4 23. Qxc4 Nxc4 24. Rd3 f5 25. exf5 Re2 26. g4 Rxb2+ 27. Ka1 Rf2
28. Nd4 Re8 29. Ne6 d5 30. Re1 Kc8 31. f6 Nd6 32. Rde3 Rh8 33. Nd4 Rf8 34. Re6
Kd7 35. Re7+ Kc8 36. Nxc6 Rxf6 37. Nxa7+ Kd8 38. Nc6+ Kc8 39. Ra7 R2xf3 40. Ne7+
Kb8 41. Rd7 Rf1 42. Rxf1 Rxf1+ 43. Kb2 Nc4+ 44. Kb3 Rb1+ 45. Ka4 b5# 0-1

[Event "Titled Tue 3rd Jan Late"]
[Site "chess.com INT"]
[Date "2025.06.03"]
[Round "6"]
[White "Kravtsiv, Martyn"]
[Black "Alizadeh, Mohammad Mahdi"]
[Result "1-0"]
[WhiteTitle "GM"]
[BlackTitle "CM"]
[WhiteElo "2598"]
[BlackElo "2015"]
[WhiteFideId "14113147"]
[BlackFideId "22598820"]
[EventDate "2025.06.03"]

1. b3 Nf6 2. Bb2 g6 3. g3 Bg7 4. Bg2 O-O 5. e3 d5 6. Ne2 c5 7. O-O Nc6 8. d4
cxd4 9. Nxd4 Nxd4 10. Bxd4 Bf5 11. Nd2 Rc8 12. c4 Bd3 13. Re1 dxc4 14. bxc4 b6
15. Qa4 Qd7 16. Qb3 Bf5 17. Red1 Be6 18. Rac1 Qc7 19. Qb2 Rfd8 20. c5 bxc5 21.
Rxc5 Qd7 22. Rdc1 Rxc5 23. Rxc5 Bh3 24. Qc2 Bxg2 25. Kxg2 e6 26. Nf3 a6 27. Rc7
Qd5 28. Qc4 h5 29. Qxd5 Nxd5 30. Ra7 Bxd4 31. Nxd4 Rd6 32. a4 Nc3 33. a5 Nb5 34.
Nxb5 axb5 35. Rb7 Rd3 36. Rxb5 Ra3 37. Kf3 Ra2 38. h3 Kg7 39. g4 hxg4+ 40. hxg4
Kh6 41. g5+ Kh5 42. Kg3 Ra3 43. Kf4 Ra2 44. f3 Ra4+ 45. e4 Ra1 46. Rb7 Rxa5 47.
Rxf7 1-0

[Event "Titled Tue 3rd Jan Late"]
[Site "chess.com INT"]
[Date "2025.06.03"]
[Round "6"]
[White "Grzesik, Gracjan"]
[Black "Askarov, Bakhtiyar"]
[Result "0-1"]
[WhiteTitle "CM"]
[BlackTitle "IM"]
[WhiteElo "2175"]
[BlackElo "2300"]
[WhiteFideId "1194593"]
[BlackFideId "13701100"]
[EventDate "2025.06.03"]

1. c4 Nf6 2. Nc3 g6 3. g3 Bg7 4. Bg2 O-O 5. d4 d6 6. e4 Nbd7 7. Nge2 e5 8. O-O
exd4 9. Nxd4 Re8 10. f3 c6 11. Bf4 Ne5 12. b3 Nfd7 13. Qd2 a5 14. Rad1 Nc5 15.
Bh6 Bh8 16. Qc2 Qb6 17. Be3 a4 18. Bf2 axb3 19. axb3 Qb4 20. h3 Ned7 21. Rb1 Ne5
22. Rfd1 Bg7 23. Na2 Qa3 24. Nc3 Qb4 25. Na2 Qa3 26. Nc3 h5 27. f4 Ned7 28. b4
Na4 29. Rb3 Nxc3 30. Rxa3 Rxa3 31. Rc1 Nb6 32. Qd3 c5 33. bxc5 dxc5 34. Rxc3
Ra1+ 35. Kh2 cxd4 36. Rb3 Na4 37. Bxd4 Rd8 38. e5 Bf5 39. Qe3 Ra2 40. Rxb7 Be6
41. Rc7 Bf8 0-1

[Event "Titled Tue 3rd Jan Late"]
[Site "chess.com INT"]
[Date "2025.06.03"]
[Round "6"]
[White "Bogaudinov, Rushan"]
[Black "Ersoz, Teoman Guney"]
[Result "1/2-1/2"]
[WhiteTitle "FM"]
[BlackTitle "CM"]
[WhiteElo "1912"]
[BlackElo "2090"]
[WhiteFideId "4129288"]
[BlackFideId "44537050"]
[EventDate "2025.06.03"]

1. d4 Nf6 2. Nf3 g6 3. g3 Bg7 4. Bg2 d5 5. O-O O-O 6. b3 c5 7. e3 Nc6 8. Bb2 Ne4
9. c3 Bg4 10. Nbd2 Qd7 11. Qc2 cxd4 12. Nxd4 Nxd2 13. Qxd2 e5 14. Nxc6 bxc6 15.
c4 Rfd8 16. cxd5 cxd5 17. Rac1 Bh3 18. Bxh3 Qxh3 19. Rc7 d4 20. exd4 exd4 21.
Rd1 h5 22. Qf4 Qe6 23. Qf3 Qd5 24. Qxd5 Rxd5 25. Rd3 Be5 26. Rc4 Rad8 27. Kg2 a5
28. h4 Kg7 29. Kf3 f5 30. a4 Kf7 31. Bc1 Rb8 32. Bf4 Bxf4 33. Kxf4 Rbd8 34. Rc6
R5d7 35. Kg5 Rd6 36. Rc5 Rd5 37. Rc6 R8d6 38. Rc4 Rd7 39. Rc6 R7d6 40. Rc7+ Rd7
41. Rc6 R5d6 42. Rc5 Rd5 43. Rc6 1/2-1/2

[Event "Titled Tue 3rd Jan Late"]
[Site "chess.com INT"]
[Date "2025.06.03"]
[Round "6"]
[White "Adewumi, Tanitoluwa"]
[Black "Qin, Kevin"]
[Result "0-1"]
[WhiteTitle "FM"]
[WhiteElo "2376"]
[BlackElo "2017"]
[WhiteFideId "30966396"]
[BlackFideId "2627949"]
[EventDate "2025.06.03"]

1. Nh3 e5 2. c3 d5 3. d4 exd4 4. cxd4 c5 5. Nf4 Nc6 6. dxc5 d4 7. Nd3 Bxc5 8.
Nxc5 Qa5+ 9. Bd2 Qxc5 10. Na3 Nf6 11. Rc1 Qe7 12. g3 O-O 13. Bg2 Re8 14. O-O
Qxe2 15. Bg5 Qxd1 16. Rfxd1 Bg4 17. f3 Be6 18. Nb5 Red8 19. b3 a6 20. Nc7 Rac8
21. Nxe6 fxe6 22. Bh3 Kf7 23. Re1 Re8 24. Rc5 h6 25. Bd2 Rcd8 26. Kf2 Rd5 27.
Rc4 Re7 28. f4 e5 29. Bg2 e4 30. Bc1 Rdd7 31. Ba3 Re8 32. Bh3 Rdd8 33. Bb2 e3+
34. Kf3 d3 35. Bc3 d2 36. Rd1 e2 37. Rxd2 e1=Q 38. Rd7+ Rxd7 39. Bxe1 Rd3+ 40.
Kf2 Ne4+ 41. Ke2 Nf2+ 42. Kxf2 Rde3 43. Bc3 Re2+ 44. Kf3 Rxh2 45. Bf5 Ree2 46.
Be4 h5 47. Bd5+ Kf8 48. Bxc6 bxc6 49. Rxc6 Rhf2# 0-1

[Event "Titled Tue 3rd Jan Late"]
[Site "chess.com INT"]
[Date "2025.06.03"]
[Round "6"]
[White "Tikhonov, Viacheslav"]
[Black "Tekeyev, Zaur"]
[Result "0-1"]
[WhiteTitle "CM"]
[BlackTitle "IM"]
[WhiteElo "2183"]
[BlackElo "2417"]
[WhiteFideId "44196407"]
[BlackFideId "4199731"]
[EventDate "2025.06.03"]

1. e4 c5 2. Nf3 d6 3. Nc3 a6 4. d4 cxd4 5. Nxd4 Nf6 6. h3 e5 7. Nde2 h5 8. g3
Be7 9. Bg2 b5 10. O-O Bb7 11. Bg5 Nbd7 12. a4 b4 13. Bxf6 Nxf6 14. Nd5 Nxd5 15.
exd5 a5 16. c3 Ba6 17. cxb4 axb4 18. Re1 h4 19. g4 O-O 20. Be4 Bg5 21. Qb3 Rc8
22. Kg2 g6 23. Ng1 Bd2 24. Red1 Bc4 25. Qf3 Bf4 26. Ne2 Bg5 27. Bd3 Bb3 28. Rf1
Qa5 29. Nc1 Bxd5 30. Be4 Be6 31. Ne2 d5 32. Bb1 e4 33. Qb3 d4 34. Qd1 d3 35. Nd4
Bd5 36. Kg1 e3 37. Nf3 e2 38. Qxd3 exf1=Q+ 39. Kxf1 Bc4 0-1

[Event "Titled Tue 3rd Jan Late"]
[Site "chess.com INT"]
[Date "2025.06.03"]
[Round "6"]
[White "Ali, Sebbar"]
[Black "Nguyen Hong Nhung"]
[Result "1-0"]
[WhiteTitle "IM"]
[BlackTitle "WFM"]
[WhiteElo "2400"]
[BlackElo "2197"]
[WhiteFideId "8100977"]
[BlackFideId "12412201"]
[EventDate "2025.06.03"]

1. e4 c5 2. Nc3 a6 3. f4 e6 4. Nf3 Nc6 5. d3 g6 6. g3 Bg7 7. Bg2 Nge7 8. O-O O-O
9. Ne2 b5 10. g4 d5 11. Qe1 Bb7 12. f5 exf5 13. exf5 gxf5 14. gxf5 Nxf5 15. Ng5
Ncd4 16. Nxd4 Nxd4 17. Qf2 Qe7 18. Re1 Qf6 19. Rf1 Qg6 20. c3 Rae8 21. Kh1 Ne6
22. Nf3 d4 23. Rg1 Kh8 24. Nh4 Bxg2+ 25. Rxg2 Qxd3 26. Nf5 Rg8 27. Bd2 dxc3 28.
Bxc3 Bxc3 29. bxc3 Rxg2 30. Kxg2 Ng5 31. Ng3 Ne4 32. Qxf7 Qd2+ 33. Kh1 Nd6 34.
Qf6+ Kg8 35. Rg1 Qd5+ 36. Ne4+ 1-0

[Event "Titled Tue 3rd Jan Late"]
[Site "chess.com INT"]
[Date "2025.06.03"]
[Round "6"]
[White "Walmer, Benjamin"]
[Black "Ngo, Quang Thai"]
[Result "1-0"]
[WhiteElo "1990"]
[BlackElo "2341"]
[WhiteFideId "30958164"]
[BlackFideId "12403768"]
[EventDate "2025.06.03"]

1. Nf3 d5 2. e3 Nf6 3. c4 c6 4. Nc3 g6 5. b3 Bg7 6. Bb2 O-O 7. Be2 Re8 8. d4 Bf5
9. O-O Nbd7 10. Rc1 Ne4 11. cxd5 Nxc3 12. Bxc3 cxd5 13. Bd3 Bxd3 14. Qxd3 Qb6
15. Rc2 Rec8 16. Rfc1 Rc6 17. h3 Rac8 18. Bb2 e6 19. Qe2 Rxc2 20. Rxc2 Rxc2 21.
Qxc2 Qc6 22. Qe2 Bf8 23. Ne1 Bd6 24. Nd3 Qb5 25. Qd2 Qc6 26. Bc3 Nf6 27. f3 h5
28. Bb4 Bc7 29. Be7 Nd7 30. Bh4 Bd6 31. g4 hxg4 32. hxg4 Kg7 33. Kg2 Qc7 34. Bg5
Qc6 35. Nf4 Bxf4 36. Bxf4 Kg8 37. Kg3 b6 38. g5 Kf8 39. Qb4+ Kg8 40. Qe7 Nf8 41.
Bd6 Nh7 42. Qd8+ Kg7 43. Be5+ f6 44. Qe7+ Kg8 45. Bxf6 Nxf6 46. gxf6 1-0

[Event "Titled Tue 3rd Jan Late"]
[Site "chess.com INT"]
[Date "2025.06.03"]
[Round "6"]
[White "Frempong-Smart Daniel"]
[Black "Omariev, Maksim"]
[Result "0-1"]
[WhiteTitle "CM"]
[BlackTitle "FM"]
[WhiteElo "1841"]
[BlackElo "2304"]
[WhiteFideId "12601659"]
[BlackFideId "4193423"]
[EventDate "2025.06.03"]

1. d4 h5 2. e4 h4 3. f4 d5 4. e5 h3 5. g3 Bf5 6. Nc3 Qd7 7. Be2 Nh6 8. Nf3 e6 9.
Nh4 c5 10. Be3 Nc6 11. Qd2 Be7 12. Nxf5 Nxf5 13. Bb5 cxd4 14. Bxc6 bxc6 15. Bxd4
c5 16. Bf2 d4 17. Ne2 Rb8 18. b3 O-O 19. Nc1 Qd5 20. Rg1 c4 21. Ne2 Bb4 22. c3
dxc3 23. Qxd5 exd5 24. Kd1 Rfd8 25. Nd4 Bc5 26. Nxf5 Bxf2 27. Rf1 Bc5 28. Kc2 d4
29. a3 cxb3+ 30. Kd3 b2 31. Rab1 Bxa3 32. Rfd1 Bc5 33. Kc4 Rbc8 34. Kd3 a5 35.
Kc2 a4 36. Rd3 Rb8 37. g4 a3 38. Nxd4 Bxd4 39. Rbd1 a2 40. Rxd4 Rxd4 41. Rxd4
b1=Q+ 42. Kxc3 a1=Q+ 43. Kc4 Rb4+ 44. Kc5 Qxd4+ 0-1

[Event "Titled Tue 3rd Jan Late"]
[Site "chess.com INT"]
[Date "2025.06.03"]
[Round "6"]
[White "Levano Loayza, Adriano Jaffet"]
[Black "Reinecke, Katharina"]
[Result "1-0"]
[WhiteTitle "CM"]
[BlackTitle "WCM"]
[WhiteElo "2049"]
[BlackElo "1921"]
[WhiteFideId "3865584"]
[BlackFideId "12929727"]
[EventDate "2025.06.03"]

1. d4 d5 2. c4 c6 3. e3 Nf6 4. Nc3 e6 5. b3 Bb4 6. Bb2 Qa5 7. Qc2 Ne4 8. Ne2 O-O
9. a3 Be7 10. b4 Qc7 11. Nxe4 dxe4 12. Qxe4 Nd7 13. Nc3 Nf6 14. Qc2 a5 15. b5 c5
16. Bd3 cxd4 17. exd4 e5 18. Ne4 Nxe4 19. Bxe4 exd4 20. Bxh7+ Kh8 21. Be4 Bc5
22. O-O Be6 23. Qe2 g6 24. Rad1 Rad8 25. Kh1 Kg7 26. f4 Rh8 27. Bxb7 Rh7 28.
Qe5+ Qxe5 29. fxe5 Rdh8 30. h3 Bxc4 31. Rf4 Bxb5 32. Bxd4 Bxd4 33. Rfxd4 Rh4 34.
a4 Be2 35. Rxh4 Rxh4 36. Rd7 Rc4 37. Bd5 Rc1+ 38. Kh2 Bd1 39. Rxf7+ Kh6 40. Be4
Ra1 41. Rf6 Bxa4 42. Rxg6+ Kh5 43. Kg3 Ra3+ 44. Kf4 1-0